World Capitals starting with F and G - Sudden Death - Statistics

General Stats
  • This quiz has been taken 74 times
  • The average score is 5 of 6
Answers on the Grid
Answers color-coded by a green-red scale on the quiz's grid according to % correct below.
Foshan
Faisalabad
Fuzhou
Freetown
Faribadad
Funafuti
Fuxin
Fes
Fortaleza
Florianopolis
Fukuyama
Florence
Guangzhou
Gitega
Georgetown
Gaborone
Giza
Guadalajara
Guayaquil
Gujranwala
Guatemala City
Ghaziabad
Gwangju
Guiyang
Guarulhos
Guankou
Goiania
Gorakhpur
 
Answer Stats
Answer % Correct
Freetown
94%
Guatemala City
94%
Georgetown
92%
Funafuti
78%
Gaborone
77%
Gitega
58%
No matching quizzes found
Score Distribution
Percent of People with Each Score
Percentile by Number Answered
Your Score History
You have not taken this quiz